000 00464nam a2200169 i 4500
001 bg
100 1 _aBIELECKI, Aleksander
245 0 _aAutomatyzacja w inżynierii sanitarnej /
_cAleksander Bielecki, Bogdan Chorowski, Tadeusz Dąbrowski.
260 _aWrocław,
_c1977.
700 1 _aCHOROWSKI, Bohdan
700 1 _aDĄBROWSKI, Tadeusz
040 _cBPK
041 _apol
080 _a62-5:628
942 _cKS
008 s pl f |000 0 pol
999 _c17244
_d17244
856 _uhttp://koha.tu.koszalin.pl/cgi-bin/koha/opac-detail.pl?biblionumber=17244
_yKatalog online BPK